Whitman /

שמור ב:
מידע ביבליוגרפי
מחבר ראשי: Whitman, Walt (Author)
מחברים אחרים: Sanesi, Roberto
פורמט: ספר
שפה:איטלקית
אנגלית
יצא לאור: Milano : Nuova Accademia, 1962
סדרה:Stelle
נושאים:
תגים: הוספת תג
אין תגיות, היה/י הראשונ/ה לתייג את הרשומה!

MARC

LEADER 00000nam a22000007i 4500
001 IT\ICCU\SBL\0618864
003 ItRI
005 20260115232358.0
008 910930s1962 it |||||| ||||| |||||c
015 |2 IT  |a 631953 
040 |b ita  |c importazione bologna sebina 
041 7 |a ita  |a eng  |2 ISO-639-2 
082 |a 811.3  |9 POESIA AMERICANA. 1830-1861  |2 16 
100 1 |a Whitman, Walt  |0 IT\ICCU\CFIV\088698  |4 aut 
245 1 0 |a Whitman /  |c a cura di Roberto Sanesi. 
260 |a Milano :  |b Nuova Accademia,  |c 1962 
300 |a 189 p. :  |b ill. ;  |c 21 cm 
500 |a Testo originale a fronte 
650 7 |a WHITMAN, WALT 
700 1 |a Sanesi, Roberto  |0 IT\ICCU\CFIV\009778 
790 1 |a Withman, Walt  |3 IT\ICCU\CFIV\097162  |z Whitman, Walt 
830 0 |a Stelle  |0 IT\ICCU\RAV\0091221 
942 |2 ddc  |c BK  |n 0 
952 |0 0  |1 0  |4 0  |6 DOC_811_400000000000000_SAN  |7 0  |9 25104  |a BO  |b BO  |d 2026-01-15  |i 553  |l 0  |o DOC 811.4 SAN  |p BO553  |r 2026-01-15 23:23:58  |w 2026-01-15  |x [Sebina 5] [1 v.]  |y BK  |z 1 v. 
999 |c 21332  |d 21332